Burket's Oral Medicine (Record no. 22718)
[ view plain ]
| 000 -LEADER | |
|---|---|
| fixed length control field | 00386nam a22001697a 4500 |
| 003 - CONTROL NUMBER IDENTIFIER | |
| control field | SGT |
| 020 ## - INTERNATIONAL STANDARD BOOK NUMBER | |
| International Standard Book Number | 9789354641473 |
| 082 ## - DEWEY DECIMAL CLASSIFICATION NUMBER | |
| Classification number | 616.31 |
| Item number | B22G |
| 100 ## - MAIN ENTRY--PERSONAL NAME | |
| Personal name | Glick, Michael...[et. al.] |
| 245 ## - TITLE STATEMENT | |
| Title | Burket's Oral Medicine |
| 250 ## - EDITION STATEMENT | |
| Edition statement | 13th |
| 260 ## - PUBLICATION, DISTRIBUTION, ETC. (IMPRINT) | |
| Place of publication, distribution, etc | United States |
| Name of publisher, distributor, etc | Wiley |
| Year of Publication | 2022 |
| 300 ## - PAGE DESCRIPTION | |
| No. of Pages | 1172 |
| 650 ## - SUBJECT ADDED ENTRY--TOPICAL TERM | |
| Topical term or geographic name as entry element | Oral Medicine |
| 653 ## - KEYWORDS--INDEX TERM | |
| Keyword term | Oral Medicine |
| 942 ## - ADDED ENTRY ELEMENTS (KOHA) | |
| Source of classification or shelving scheme | Dewey Decimal Classification |
| Koha item type | Books |
| 942 ## - ADDED ENTRY ELEMENTS (KOHA) | |
| -- | 156 |
| Withdrawn status | Lost status | Source of classification or shelving scheme | Damaged status | Not for loan | Home library | Current library | Shelving location | Date acquired | Vendor Name | Cost, normal purchase price | SGTU | Bill Number | Full call number | Accession No. (Barcode) | Date last seen | Bill Date | Koha item type | Total Checkouts | Checked out | Date last borrowed | Total Renewals |
|---|---|---|---|---|---|---|---|---|---|---|---|---|---|---|---|---|---|---|---|---|---|
| Dewey Decimal Classification | Not For Loan | SGT Dental Library | SGT Dental Library | Reference Book | 11/05/2022 | Ahuja Book Co. Pvt. Ltd. | 2599.00 | SGTU | 14353 | 616.31 B22G | FD8671 | 11/05/2022 | 16/04/2022 | Books | |||||||
| Dewey Decimal Classification | SGT Dental Library | SGT Dental Library | 11/05/2022 | Ahuja Book Co. Pvt. Ltd. | 2599.00 | SGTU | 14353 | 616.31 B22G | FD8672 | 21/05/2026 | 16/04/2022 | Books | 57 | 04/06/2026 | 21/05/2026 | ||||||
| Dewey Decimal Classification | SGT Dental Library | SGT Dental Library | 11/05/2022 | Ahuja Book Co. Pvt. Ltd. | 2599.00 | SGTU | 14353 | 616.31 B22G | FD8673 | 03/09/2025 | 16/04/2022 | Books | 32 | 23/08/2025 | 2 | ||||||
| Dewey Decimal Classification | SGT Dental Library | SGT Dental Library | 11/05/2022 | Ahuja Book Co. Pvt. Ltd. | 2599.00 | SGTU | 14353 | 616.31 B22G | FD8674 | 27/05/2026 | 16/04/2022 | Books | 64 | 10/06/2026 | 27/05/2026 | ||||||
| Dewey Decimal Classification | SGT Dental Library | SGT Dental Library | 11/05/2022 | Ahuja Book Co. Pvt. Ltd. | 2599.00 | SGTU | 14353 | 616.31 B22G | FD8675 | 22/01/2026 | 16/04/2022 | Books | 57 | 06/01/2026 |